书目信息 |
| 题名: |
中国经济思想史
|
|
| 作者: | 胡寄窗 著 | |
| 分册: | 中 | |
| 出版信息: | 上海 上海人民出版社 1981.10 |
|
| 页数: | 511页 | |
| 开本: | 19cm | |
| 丛书名: | ||
| 单 册: | ||
| 中图分类: | F092 , F09 | |
| 科图分类: | ||
| 主题词: | 经济思想史 | |
| 电子资源: | ||
| ISBN: | ||
| 000 | 00541nam0 2200205 45 | |
| 001 | 1534413683 | |
| 005 | 20150118093420.14 | |
| 010 | @dCNY2.05 | |
| 091 | @a4074.353 | |
| 100 | @a20030224d1981 km y0chiy0120 ea | |
| 101 | 0 | @achi |
| 200 | 1 | @a中国经济思想史@h中@AZhong Guo Jing Ji Si Xiang Shi@f胡寄窗著@FHu Ji Chuang Zhu |
| 210 | @a上海@c上海人民出版社@d1981.10 | |
| 215 | @a511页@d19cm | |
| 606 | 0 | @a经济思想史 |
| 690 | @aF092@v3 | |
| 690 | @aF09@v4 | |
| 701 | 0 | @a胡寄窗@4著 |
| 801 | @aCN@bTSSF@c20150118 | |
| 905 | @aZUCC@dF09@eJY103:2 | |
| 中国经济思想史.中/胡寄窗著.-上海:上海人民出版社,1981.10 |
| 511页;19cm |
| ISBN :CNY2.05 |
| ● |
| 相关链接 |
|
|
|
|
正题名:中国经济思想史
索取号:F09/JY103:2
 
预约/预借
| 序号 | 登录号 | 条形码 | 馆藏地/架位号 | 状态 | 备注 |
| 1 | 7853455 | 278534551 | 学院路分馆/ [索取号:F09/JY103:2] | 在馆 |